Reformas a las elecciones municipales: ¿verdadera necesidad o retórica política? /

En el artículo se expone que con la entrada en vigencia del Código Municipal de 1998, el sistema electoral patrio dio un viraje significativo, al completar la elección popular e los gobiernos locales. A partir de lo anterior, se analiza la necesidad de replantear la ubicación temporal de esas elecci...

Ausführliche Beschreibung

Gespeichert in:
Bibliographische Detailangaben
1. Verfasser: Aguilar Herrera, Gabriela
Format: Text
Schlagworte:
Tags: Tag hinzufügen
Keine Tags, Fügen Sie den ersten Tag hinzu!

MARC

LEADER 00000 a a2200000 04500
001 16220
003
040
100 |a Aguilar Herrera, Gabriela  
245 |a Reformas a las elecciones municipales:   |b ¿verdadera necesidad o retórica política? /  |c Gabriela Aguilar Herrera 
520 |a En el artículo se expone que con la entrada en vigencia del Código Municipal de 1998, el sistema electoral patrio dio un viraje significativo, al completar la elección popular e los gobiernos locales. A partir de lo anterior, se analiza la necesidad de replantear la ubicación temporal de esas elecciones municipales, de manera que éstas se realicen en conjunto para todos los puestos de elección popular en el ámbito local y preferiblemente como "elecciones de medio período", en condiciones que permitan a todos los protagonistas del proceso electoral tener una amplia posibilidad de participación  
650 |a REFORMA POLITICA  
650 |a GOBIERNO LOCAL  
650 |a POLITICA  
650 |a DEMOCRACIA  
650 |a ABSTENCIONISMO ELECTORAL  
650 |a COSTA RICA  
773 |g número 2; páginas 39-64  
999 |c 32897  |d 32897